Statistics for McDonald's Menu Netherlands

Click here to take the quiz!

General Stats

  • This quiz has been taken 6 times
  • The average score is 38 of 131

Answer Stats

HintAnswer% Correct
RundvleesBig Mac
100%
RundvleesDouble Quarter Pounder
100%
RundvleesSingle Quarter Pounder
100%
Rundvlees / McBreakCheeseburger
80%
Koude DrankenCoca-Cola
80%
Koude DrankenCoca-Cola Zero Sugar
80%
RundvleesDouble Cheeseburger
80%
SauzenFritessaus
80%
Rundvlees / McBreakHamburger
80%
SauzenMayonaise
80%
KipMcChicken
80%
RundvleesMcKroket
80%
Koude DrankenSprite
80%
SauzenBarbecuesaus
60%
McCaféCappuccino
60%
SauzenChili Saus
60%
Koude DrankenCoca-Cola Light
60%
Koude DrankenFanta
60%
SauzenKerriesaus
60%
SauzenKetchup
60%
Koude DrankenLipton Ice Tea
60%
KipMcWrap Greek
60%
KipMcWrap Honey Mustard
60%
Shakes & Iced DrinksMilk Shake Aardbei
60%
Shakes & Iced DrinksMilk Shake Banaan
60%
Shakes & Iced DrinksMilk Shake Vanille
60%
SauzenMosterdsaus
60%
Salades / Friet & SidesSide Salad
60%
KipChicken McNuggets (20 stuks)
40%
KipChicken McNuggets (4 stuks)
40%
Kip / McBreakChicken McNuggets (6 stuks)
40%
KipChicken McNuggets (9 stuks)
40%
RundvleesDouble Big Tasty
40%
McCaféDubbele Espresso
40%
McCaféEspresso
40%
VisFilet-O-Fish
40%
Friet & SidesFranse Frietjes Groot
40%
Friet & SidesFranse Frietjes Medium
40%
KipHomestyle Crispy Chicken Greek
40%
KipHomestyle Crispy Chicken Honey Mustard
40%
Friet & SidesKleine Franse Frietjes
40%
McCaféKoffie
40%
RundvleesSingle Big Tasty
40%
Koude DrankenSpa Blauw
40%
Koude DrankenSpa Rood
40%
KipSpicy McChicken
40%
Koude DrankenTropicana Appelsap
40%
MeatlessVeggie Homestyle Crispy Chicken Greek
40%
MeatlessVeggie Homestyle Crispy Chicken Honey Mustard
40%
MeatlessVeggie McWrap Honey Mustard
40%
Koude DrankenVerse Smoothie Aardbei - Banaan
40%
SauzenZoetzure saus
40%
Koude Dranken100% Biologische Halfvolle Melk
20%
DessertsAppelpartjes
20%
McCaféAppeltaart
20%
RundvleesBacon Cheese
20%
McCaféCaffé Latte
20%
Friet & SidesCheese Snacks 4
20%
Friet & SidesCheese Snacks 8
20%
KipChicken Tenders
20%
McCafé / DessertsCookie Triple Chocolate
20%
Ontbijt / McCaféCroissant
20%
Koude DrankenFristi
20%
GlutenvrijGlutenvrije Cheeseburger
20%
GlutenvrijGlutenvrije Hamburger
20%
SaladesGrilled Chicken Salad - Sweet & Spicy
20%
Happy MealHappy Meal met Chicken McNuggets 4
20%
Happy MealHappy Meal met Hamburger
20%
Happy MealHappy Meal met McFish
20%
McCaféHoning Stick
20%
Shakes & Iced DrinksIced Frappé Mokka-Chocolade
20%
McCaféKaramel Latte Macchiato Sojadrink
20%
McCaféLatte Macchiato
20%
McCaféLatte Macchiato Sojadrink
20%
DessertsMcFlurry M&M's Pinda
20%
DessertsMcFlurry Oreo
20%
DessertsMcFlurry Twix
20%
OntbijtMcMuffin Sausage & Egg
20%
MeatlessMcPlant
20%
Shakes & Iced DrinksMilk Shake Tropical Fruit
20%
McCaféMini American Cookies
20%
Friet & Sides / DessertsSnoeptomaatjes
20%
McCaféSuiker stick
20%
DessertsSundae IJs Aardbeien Saus
20%
DessertsSundae IJs Karamel Saus
20%
McCaféThee
20%
McCaféVanille Latte Macchiato Sojadrink
20%
MeatlessVeggie McChicken
20%
MeatlessVeggie Spicy McChicken
20%
Koude DrankenVers Sinaasappelsap
20%
OntbijtVolkoren Pancakes
20%
McCaféZoetstof stick
20%
Salades / Friet & SidesBalsamico Dressing
0%
OntbijtBoter
0%
McCaféCaffé Latte Sojadrink
0%
McCaféCappuccino Sojadrink
0%
McCaféCheesecake
0%
Kip / McBreakChili Chicken
0%
McCaféChocolade Brownie
0%
Koude DrankenChocomel
0%
McCafé / DessertsCookie White Chocolate & Raspberry
0%
Koude DrankenDanoontje Aardbei Appel
0%
KipDouble Chili Chicken
0%
OntbijtEgg McMuffin
0%
OntbijtFruitbeleg Aardbei
0%
OntbijtFruitbeleg Abrikoos
0%
GlutenvrijGlutenvrije Quarter Pounder
0%
KipGrilled Chicken Sandwich - Sweet & Spicy
0%
Shakes & Iced DrinksIced Frappé Koffie-Karamel
0%
Shakes & Iced DrinksIced Fruit Smoothie Aardbei & Banaan
0%
Shakes & Iced DrinksIced Fruit Smoothie Mango & Ananas
0%
DessertsIJshoorn
0%
McCaféKaramel Latte Macchiato
0%
McCaféKaramel siroop
0%
SaladesKerrie Appeldressing
0%
McCafékoffiemelk cupje
0%
DessertsMcFlurry Maltesers
0%
OntbijtMcMuffin Bacon & Egg
0%
OntbijtMcMuffin BLT & Egg
0%
OntbijtMcMuffin Double Egg & Bacon
0%
OntbijtNutella
0%
McCaféPop Dot Aardbei
0%
McCaféPop Dot Stracciatella
0%
McCaféPop Dot Triple Chocolate
0%
OntbijtStroop
0%
DessertsSundae IJs Chocolade Saus
0%
McCaféVanilla Latte Macchiato
0%
McCaféVanille siroop
0%
MeatlessVeggie McWrap Greek
0%
McCaféVerse Muntthee
0%
McCaféWarme Chocomel
0%

Score Distribution

Percentile by Number Answered

Percent of People with Each Score

Your Score History

You have not taken this quiz